| 000 | 00787nam a22002177a 4500 | ||
|---|---|---|---|
| 005 | 20170426121719.0 | ||
| 008 | 170426b mx ||||| |||| 00| 0 spa d | ||
| 020 | _a9786074012903 | ||
| 050 | 0 | 4 |
_aHJ803 _bD43 2010 |
| 245 | 0 | 0 |
_aDebate fiscal y financiero _b:agenda del cambio estructural _c/Alicia Girón; Eugenia Correa; Patricia Rodríguez López |
| 250 | _a1a ed. | ||
| 260 |
_aMéxico : _b Miguel Ángel Porrúa, _c2010 |
||
| 300 |
_a516 p. : _bil.; _c21 cm. |
||
| 490 | 0 | _aLas ciencias sociales | |
| 504 | _aIncluye bibliografias e índice | ||
| 650 | 7 |
_2lemb _aFinanzas públicas _xPolicía fiscal _zMéxico |
|
| 700 | 1 |
_aGirón, Alicia, _ecoordinador |
|
| 700 | 1 |
_aCorrea, Eugenia, _ecoordinador |
|
| 700 | 1 |
_aRodríguez López, Patricia, _ecoordinador |
|
| 942 |
_2lcc _cLIB |
||
| 999 |
_c132566 _d132566 |
||